Đánh giá hiện trạng sử dụng thuốc bảo vệ thực vật trên khoai lang và cải xà lách xoong tại tỉnh Vĩnh Long : Luận văn thạc sĩ. Chuyên ngành Phát triển Nông thôn

Đánh giá hiện trạng sử dụng thuốc bảo vệ thực vật trên khoai lang và cải xà lách xoong tại tỉnh Vĩnh Long; phân tích các yếu tố ảnh hưởng đến hiệu quả sản xuất xà lách xoong và khoai lang; đề xuất giải pháp sử dụng thuốc BVTV nhằm sản xuâ...

Полное описание

Сохранить в:
Библиографические подробности
Главный автор: Nguyễn, Hồng Vui
Формат:
Язык:Undetermined
Опубликовано: Cần Thơ Trường Đại học Cần Thơ 2016
Предметы:
Метки: Добавить метку
Нет меток, Требуется 1-ая метка записи!
Thư viện lưu trữ: Trung tâm Học liệu Trường Đại học Cần Thơ
LEADER 01531nam a2200229Ia 4500
001 CTU_213029
008 210402s9999 xx 000 0 und d
082 |a 632.9 
082 |b V510 
088 |a 60620116 
100 |a Nguyễn, Hồng Vui 
245 0 |a Đánh giá hiện trạng sử dụng thuốc bảo vệ thực vật trên khoai lang và cải xà lách xoong tại tỉnh Vĩnh Long : 
245 0 |b Luận văn thạc sĩ. Chuyên ngành Phát triển Nông thôn 
245 0 |c Nguyễn Hồng Vui ; Trần Thị Thu Thủy (Cán bộ hướng dẫn) 
260 |a Cần Thơ 
260 |b Trường Đại học Cần Thơ 
260 |c 2016 
520 |a Đánh giá hiện trạng sử dụng thuốc bảo vệ thực vật trên khoai lang và cải xà lách xoong tại tỉnh Vĩnh Long; phân tích các yếu tố ảnh hưởng đến hiệu quả sản xuất xà lách xoong và khoai lang; đề xuất giải pháp sử dụng thuốc BVTV nhằm sản xuất xà lách xoong và khoai lang có hiệu quả và an toàn hơn trên địa bàn tỉnh Vĩnh Long 
650 |a Thuốc bảo vệ thực vật,Chlorpyrifos,Thuốc bảo vệ thực vật,Chlorpyrifos 
650 |x Khía cạnh môi trường,Environmental aspects,Khía cạnh kinh tế,Economic aspects 
904 |i Nguyên 
980 |a Trung tâm Học liệu Trường Đại học Cần Thơ